000 01166cam a22003617 4500
001 a4396746
003 DO-SdBPM
005 20250811100723.0
007 ta
008 081209s2007 sp a | |||| 000 1 spa
015 _a
017 _a
_b
020 _a9780757301674
040 _a DO-SdBPM
_bspa
_cBPMSU
_e rda
041 1 _aspa
_h
080 _a
082 4 _a362.76
_bP393n 1997
_222
100 1 _aPelzel, Dave
_d1963-
_eautor
245 1 3 _aEl niño perdido :
_bun pequeño en búsqueda del amor de una familia /
_c Dave Pelzer ;
_h
260 _aHealth Communication,Madrid :
_bSM,
_c2007
300 _a337 páginas :
_bilustraciones ;
_c34 cm
336 _atexto
_btxt
_2rdacontent
337 _asin mediación
_bn
_2rdamedia
338 _avolumen
_bnc
_2rdacarrier
500 _a
534 _pTítulo original :
_tThe lost boy : a Foster cbild is searcb for the love of a family
590 _aInventariado, 2025/VM
650 7 _aNiños maltratados
_zCalifornia
650 7 _a Hijos de alcoholicos
_zCalifornia
650 7 _aViolencia familiar
_zCalifornia
910 _aVMateo V. Control de calidad. BPMSU
942 _2ddc
_cBK
999 _c9919
_d9919